| 000 -LEADER |
| fixed length control field |
01189nam a2200265Ia 4500 |
| 001 - CONTROL NUMBER |
| control field |
18005 |
| 003 - CONTROL NUMBER IDENTIFIER |
| control field |
GE_BSU |
| 008 - FIXED-LENGTH DATA ELEMENTS--GENERAL INFORMATION |
| fixed length control field |
181216s||||||||xx |||||||||||||| ||und|| |
| 040 ## - CATALOGING SOURCE |
| Transcribing agency |
GE_BSU |
| 080 ## - UNIVERSAL DECIMAL CLASSIFICATION NUMBER |
| Universal Decimal Classification number |
811.353.1 |
| 245 ## - TITLE STATEMENT |
| Title |
საენათმეცნიერო ძიებანი |
| 245 ## - TITLE STATEMENT |
| Remainder of title |
სტატიების კრებული |
| 245 ## - TITLE STATEMENT |
| Statement of responsibility, etc. |
სარედ. კოლ.: არაბული ა. ბურჭულაძე გ. და სხვ. რედ.: ბ. ჯორბენაძე |
| 260 ## - PUBLICATION, DISTRIBUTION, ETC. |
| Place of publication, distribution, etc. |
თბილისი |
| 260 ## - PUBLICATION, DISTRIBUTION, ETC. |
| Name of publisher, distributor, etc. |
თბილ. უნ-ტის გამ-ბა |
| 260 ## - PUBLICATION, DISTRIBUTION, ETC. |
| Date of publication, distribution, etc. |
1983 |
| 300 ## - PHYSICAL DESCRIPTION |
| Extent |
258გვ. ; 22სმ. |
| 300 ## - PHYSICAL DESCRIPTION |
| Accompanying material |
ბიბლიოგრ. ტექსტის შენიშვნებში. |
| 520 ## - SUMMARY, ETC. |
| Summary, etc. |
სტატიების ბოლოს რეზ. რუს. ენ.. |
| 653 ## - INDEX TERM--UNCONTROLLED |
| Uncontrolled term |
ენათმეცნიერება; ქართული ენა; კავკასიური ენები |
| 653 ## - INDEX TERM--UNCONTROLLED |
| Uncontrolled term |
საენათმეცნიერო ძიებანი |
| 653 ## - INDEX TERM--UNCONTROLLED |
| Uncontrolled term |
სტატიების კრებული |
| 942 ## - ADDED ENTRY ELEMENTS (KOHA) |
| Koha item type |
წიგნი |